000 00474nam a2200181Ia 4500
001 19814
003 GE_BSU
008 181216s||||||||xx |||||||||||||| ||und||
040 _cGE_BSU
245 4 _aThe Economist. №9020. December 17th -23rd 2016
260 _aParis
260 _c2017
300 _a78 p. 27cm. ill.
653 _aThe Economist. №9020. December 17th -23rd 2016
653 _aПериодика
653 _aპერიოდიკა
942 _cCR
999 _c52786
_d52786